Evaluación del método de aislamiento de humedad para estructuras livianas y caracterización geotécnica de las arcillas expansivas
Guardado en:
| Hovedforfatter: | |
|---|---|
| Andre forfattere: | |
| Format: | Bog |
| Udgivet: |
[San José, Costa Rica]
2003
|
| Fag: | |
| Tags: |
Tilføj Tag
Ingen Tags, Vær først til at tagge denne postø!
|
MARC
| LEADER | 00000nam a2200000Ia 4500 | ||
|---|---|---|---|
| 003 | 009173 | ||
| 005 | 20240529154549.0 | ||
| 008 | 140114s2003 cr a m 000 ||s d | ||
| 040 | |c cru CEDI | ||
| 090 | |a TFG 4714 | ||
| 100 | |a Valerio Salas, Oscar, 1974- |9 3159 | ||
| 245 | |a Evaluación del método de aislamiento de humedad para estructuras livianas y caracterización geotécnica de las arcillas expansivas | ||
| 260 | |a [San José, Costa Rica] |c 2003 | ||
| 300 | |a 141 hojas : ilustraciones a color, fotografíascol, 4 mapas color | ||
| 500 | |a Trabajo de graduación (licenciatura en ingeniería civil)--Universidad de Costa Rica. Facultad de Ingeniería. Escuela de Ingeniería Civil | ||
| 501 | |a Directora Trabajo Final de graduación: Ing. Marcia Cordero Sandí | ||
| 650 | |x MONTMORILLONITA |x PROPIEDADES |x MECANICA DE SUELOS |x PERMEABILIDAD DE SUELOS |x HUMEDAD DE SUELOS |x MEDICIONES |x METODOLOGIA |x ARCILLA |x CIMENTACIONES |9 6972 | ||
| 700 | |a Cordero Sandí, Marcia, 1969- |d Directora del TFG |9 449 | ||
| 942 | |c TFG |h TFG 4714 |i 009173 |6 TFG_4714_009173000000000 | ||
| 999 | |c 17767 |d 17767 | ||
